000
00266nam a2200109Ia 4500
008
200302s9999 xx 000 0 und d
100
_a
Yogendra Singh
245
_a
Modernization of India Tradition
260
_b
Rawat Publications
260
_c
1999
300
_a
267 P.,
999
_c
5480
_d
5480